One to a Hundred Clues Quiz Stats

 Plays Quiz Updated Dec 13, 2017

Challenge
Share
Tweet
Embed
Score 0/100 Timer 15:00
1 Play Today
Clue # % Correct
James Bond is 'Double 0 __'7
87.2%
'Half-past twelve' on a clock: '12:___'30
86.7%
It takes this many to tango2
86.5%
Days in February, 201229
86.4%
Olympic rings5
86.4%
Four weeks = ____ days28
86.3%
Number of hours in three days72
86.2%
A right angle equals ___ degrees90
86.1%
House-building little pigs 3
85.6%
1901 occurred in the ___th century20
85.6%
A person born on January 3, 2000 would be ___ on January 1, 205453
85.4%
Sides of a hexagon6
85.2%
Holes on most golf courses18
84.9%
Rapper '___ Cent' or a U.S. coin denomination50
84.9%
Written numerically, U.S. Presidents fly on Air Force ___1
84.2%
'Blackjack'21
83.5%
Everyone voted 'aye' or 'nay'. If 8% voted 'aye', then ___% voted 'nay'.92
83.4%
The Square of 981
82.7%
Red cards in a deck26
82.6%
Joseph Heller's Novel 'Catch ___'22
82.5%
Jules Verne’s novel “Around the World in ___ Days”80
82.2%
On a calculator, it's (10*8)+282
81%
Billiard ball colored mostly black8
80.8%
Gold Rush or S.F. '____ers'49
80.4%
The Kalashnikov assault rifle 'AK-___' introduced just after WWII 47
78.7%
Kiefer Sutherland's TV show '___' covered an hour in each episode24
78.5%
The first two repeating digits for '1/3' as a decimal are ___33
78.1%
'Big Brother' was watching you in Orwell's Novel '19___'84
77.7%
Inches in a yard36
77.3%
'How come there is no elevator button numbered ___?'13
76.5%
'Normal' human body temperature: '___.6 Degrees F98
76.1%
“O!” “I knew that was the ___th letter of the English alphabet!”15
76.1%
Ordinary freezing point of H2O in Fahrenheit32
75.6%
Minimum age for U.S. President35
75.3%
Clue # % Correct
Practical joke card game '___ Pick Up'52
74.4%
First Apollo on the Moon11
74.1%
Horsemen of the Apocalypse4
73.6%
Pennies in a quarter; the London Orbital Motorway M___25
73.6%
Days in a fortnight14
73.3%
Roman Numeral LXXIX79
73.1%
Spots on a pair of dice42
71.8%
Xmas movie 'Miracle on ___th Street'34
71.7%
George H.W. Bush was U.S. President # ___41
71.5%
Digits on most Visa bank cards16
70.5%
Justices on the U.S. Supreme Court9
70.5%
Original Woodstock Festival 19___69
70.2%
U.S. max. speed limit on highways 1974 to 1986 was ___mph55
69.9%
'Phillips ___' gas was tested on Route ___ by a car going ___ mph!66
69.2%
Heinz: '___ Varieties'57
68.6%
Lincoln's 'Four score and seven years...' amounts to this87
68.6%
Area ___ Nevada Airforce test facility51
68.2%
'Lower' or 'Contiguous' U.S. States48
67.3%
If you have one U.S. coin of each denomination under a dollar, you have ___ cents.91
66.9%
To type '___', press the number keys above and left of 'U' and 'Q' (on a 'QWERTYUIOP' keyboard)71
64.9%
Baseball batters faced by a nine-inning perfect-game pitcher27
62.6%
'Non-stoppage-time' minutes per half of adult soccer matches45
62.1%
Total number of squares on a chessboard (which can be landed on when unoccupied)64
61.5%
King Arthur's Round Table knights12
59.7%
The 47th odd number93
58.7%
NFL Player Chad Ochocinco's last name was this uniform number85
58.6%
Syllables in a haiku17
57.9%
The UK Prime Minister's office is at ___ Downing Street10
57.4%
April 7, 2013 was the ___th day of the year97
56.9%
This three-digit Number is the sum of the first nine prime numbers100
56.8%
Sugar Ray's album title '14:___' implied that their '15 minutes of fame' had not ended59
56.3%
'Diamond' wedding anniversary, US (15 higher than in the UK)75
56%
Number of thieves encountered by Ali Baba in the 'Arabian Nights' tale40
53.5%
Baskin-Robbins '____ Flavors'31
53.2%
Clue # % Correct
Microsoft's 'Windows ___' was released after Windows 3.1; and preceded Windows 9895
53.1%
It's the third number whose 2nd digit is exactly half of its 1st Digit63
52.3%
Washington was inaugurated U.S. President on April 30, 17___89
51.7%
70's discotheque 'Studio ___'54
50.4%
The Beatles had 'Help!' and received MBEs from the Queen in 19___65
50%
In 'The Music Man', ___ trombones led the big parade76
49.8%
Keys on a piano88
49.5%
On March 24, 19___, Elvis became a U.S. Army Private58
47.6%
Highest single-throw dart score60
45.7%
19___: Sally Ride -- first American woman in space83
45.1%
The 'Tet Offensive', and the invasion of Czechoslovakia: 19___68
42.8%
Someone 'taken out' by a 'Hit Man', (or removed from a bar), has been '___ed'86
42.5%
Normal human cells contain ___ chromosomes46
42.4%
Maxwell's wife, on 'Get Smart,' was Agent '___'99
41.8%
Smith & Wesson '.___Special' revolver38
41.8%
20 kilograms is just over ____ pounds44
40.4%
In 19___ Lillehammer, Norway hosted the Winter Olympics94
39.8%
Maris home-run record; Dylan album 'Highway ____ Revisited'61
38.8%
An old teenager might still enjoy Kellogg's cereal, 'Product ___'19
37.8%
Chicago's song 'Questions ___ & 68'67
36.8%
Joe DiMaggio's hitting streak; Atomic number of Barium56
34.4%
David's 'Shepherd Psalm'23
33.8%
In 1926, standard “wax” phonograph records revolved at ___RPM78
32.4%
Jesus told Peter to forgive a brother not seven times, but 'until ___ times seven'70
31.8%
The song '___ Tears' was a #1 hit. (Its original title, '69 Tears,' was considered too risqué)96
31.4%
John Wayne won an Oscar at age ____ (in his 13th year of AARP eligibility)62
31.1%
Jack Benny's never-changing 'age' on stage39
30.1%
Popular NY top-40, then talk-radio station '___WABC'; or '___ Sunset Strip' TV show77
30%
At the age of ___, NASCAR driver Richard Petty won his final championship, in car #____43
26.7%
Number of slots on most European roulette wheels (which have no '00')37
25.4%
Cat. 1 hurricanes have sustained winds 'from ___ to 95 mph'74
22.4%
In binary, ___ is the palindrome '1001001'73
21.1%

You're not logged in!

Compare scores with friends on all Sporcle quizzes.
OR
Log In

You Might Also Like...

Show Comments

Extras

Top Quizzes Today


Score Distribution

Your Account Isn't Verified!

In order to create a playlist on Sporcle, you need to verify the email address you used during registration. Go to your Sporcle Settings to finish the process.

Report this User

Report this user for behavior that violates our Community Guidelines.

Details: